Bibliographie des oeuvres de Ignace Goldziher : (Record no. 31697)

MARC details
000 -LEADER
fixed length control field 00929cam a22002651 4500
001 - CONTROL NUMBER
control field 9680791
003 - CONTROL NUMBER IDENTIFIER
control field BDDh-ASL
005 - DATE AND TIME OF LATEST TRANSACTION
control field 20231015031313.0
008 - FIXED-LENGTH DATA ELEMENTS--GENERAL INFORMATION
fixed length control field 781208s1927 fr c b 000 0 fre
010 ## - LIBRARY OF CONGRESS CONTROL NUMBER
LC control number 29016033
035 ## - SYSTEM CONTROL NUMBER
System control number (OCoLC)4431618
040 ## - CATALOGING SOURCE
Original cataloging agency DLC
Transcribing agency BDDh-ASL
Modifying agency DLC
041 ## - LANGUAGE CODE
Language code of text/sound track or separate title fre
042 ## - AUTHENTICATION CODE
Authentication code premarc
050 00 - LIBRARY OF CONGRESS CALL NUMBER
Classification number Z8353.5
Item number .H47
082 ## - DEWEY DECIMAL CLASSIFICATION NUMBER
Classification number 920
Item number BIB
100 1# - MAIN ENTRY--PERSONAL NAME
Personal name Heller, Bernard,
Dates associated with a name 1871-1943.
245 10 - TITLE STATEMENT
Title Bibliographie des oeuvres de Ignace Goldziher :
Statement of responsibility, etc. par Bernard Heller ... (avec une introduction biographique de M. Louis Massignon) /
260 ## - PUBLICATION, DISTRIBUTION, ETC.
Place of publication, distribution, etc. Paris,
Name of publisher, distributor, etc. Imprimerie nationale [etc.]
Date of publication, distribution, etc. 1927.
300 ## - PHYSICAL DESCRIPTION
Extent xvii, 99 p., 1 l.
Other physical details front. (port.)
Dimensions 28 cm.
490 0# - SERIES STATEMENT
Series statement Publications de l'École nationale des langues orientales vivantes. 6. sér.,
Volume/sequential designation vol. 1
600 10 - SUBJECT ADDED ENTRY--PERSONAL NAME
Personal name Goldziher, Ignácz,
Dates associated with a name 1850-1921
Form subdivision Bibliography.
906 ## - LOCAL DATA ELEMENT F, LDF (RLIN)
a 7
b cbc
c oclcrpl
d u
e ncip
f 19
g y-gencatlg
942 ## - ADDED ENTRY ELEMENTS (KOHA)
Source of classification or shelving scheme Dewey Decimal Classification
Koha item type Books
Holdings
Withdrawn status Lost status Source of classification or shelving scheme Damaged status Not for loan Collection code Home library Current library Shelving location Date acquired Source of acquisition Total Checkouts Full call number Barcode Date last seen Copy number Price effective from Koha item type
    Dewey Decimal Classification     Non-fiction Asiatic Society Library Asiatic Society Library General Stacks 04/05/2023 ASB Library Collections   920 BIB 120416 04/05/2023 C-1 04/05/2023 Books

Powered by Koha